Denver Basketball: Top 10 All-Time Leaders - Statistics

General Stats
  • This quiz has been taken 1 time
    0 since last reset
  • The average score is 0 of 93
Answer Stats
Category # Player Amount % Correct
Games T9 Ade Murkey 118
0%
Three Pointers Made 10 Andrew Hooper 141
0%
Three Pointers Made 8 Arthur Ireland 158
0%
Points 2 B.J. Pratt 1,705
0%
Three Pointers Made T2 B.J. Pratt 265
0%
Points 6 Brett Olson 1,468
0%
Assists 4 Brett Olson 336
0%
Steals T8 Brett Olson 122
0%
Three Pointers Made T2 Brett Olson 265
0%
Games T1 Brett Olson 124
0%
Rebounds 3 Brett Starkey 751
0%
Points 4 Brian Stafford 1,586
0%
Steals 10 Brian Stafford 119
0%
Three Pointers Made 4 Brian Stafford 264
0%
Field Goal Percent 7 Brian Stafford 48.2%
0%
Games T1 Brian Stafford 124
0%
Steals T4 Cam Griffin 141
0%
Assists 9 Chase Hallam 263
0%
Steals 1 Chase Hallam 201
0%
Blocks 7 Chase Hallam 56
0%
Three Pointers Made 7 Chase Hallam 162
0%
Games T4 Chase Hallam 122
0%
Points 5 Chris Udofia 1,501
0%
Rebounds 9 Chris Udofia 603
0%
Assists 3 Chris Udofia 349
0%
Steals T4 Chris Udofia 141
0%
Blocks 1 Chris Udofia 256
0%
Field Goal Percent 4 Chris Udofia 51.3%
0%
Games T1 Chris Udofia 124
0%
Blocks T10 Daniel Amigo 51
0%
Field Goal Percent 2 Daniel Amigo 52.2%
0%
Rebounds 5 Dave Bustion 651
0%
Points Per Game 5 Dave Bustion 20.0
0%
Rebounds 1 Dick Brott 1,070
0%
Points Per Game 7 Dick Brott 17.1
0%
Blocks 5 Eric Dow 66
0%
Points 8 Erik Benzel 1,369
0%
Assists 10 Erik Benzel 250
0%
Steals 2 Erik Benzel 163
0%
Three Pointers Made 1 Erik Benzel 323
0%
Games T9 Erik Benzel 118
0%
Rebounds 10 Greg Champlin 571
0%
Points 1 Harry Hollines 1,879
0%
Points Per Game 1 Harry Hollines 25.1
0%
Points Per Game 8 Horace Kearney 16.7
0%
Blocks 6 Isaiah Carr 60
0%
Assists 6 Jake Pemberton 308
0%
Steals 6 Jake Pemberton 128
0%
Rebounds 2 Jim Peay 915
0%
Points 3 Joe Rosga 1,621
0%
Assists 5 Joe Rosga 312
0%
Steals T8 Joe Rosga 122
0%
Three Pointers Made 5 Joe Rosga 245
0%
Field Goal Percent 9 Joe Rosga 45.6%
0%
Field Goal Percent 10 Joe Wallace 45.4%
0%
Points Per Game 3 Joe Wallace 20.2
0%
Rebounds 8 John Johnson 608
0%
Field Goal Percent 3 John Johnson 52.0%
0%
Points Per Game 2 John Johnson 22.2
0%
Blocks 3 Justin Coughlin 74
0%
Games T9 Justin Coughlin 118
0%
Games T6 Kyle Lewis 120
0%
Field Goal Percent 8 Len Orr 46.9%
0%
Three Pointers Made 6 Marcus Byrd 163
0%
Games T4 Marcus Byrd 122
0%
Field Goal Percent 6 Matt Teahan 49.6%
0%
Points Per Game 6 Matt Teahan 18.7
0%
Three Pointers Made 9 Nate Engesser 147
0%
Assists 2 Nate Rohnert 357
0%
Steals 7 Nate Rohnert 124
0%
Games T6 Nate Rohnert 120
0%
Blocks T10 Rob Lewis 51
0%
Games T9 Rob Lewis 118
0%
Assists 1 Rodney Billups 418
0%
Steals 3 Rodney Billups 154
0%
Blocks 4 Steve Simmons 67
0%
Blocks T8 Tevin Smith 53
0%
Points Per Game 10 Tim Vezie 15.4
0%
Points 10 Tommy Bruner 1,324
0%
Assists 8 Tommy Bruner 278
0%
Points Per Game 4 Tommy Bruner 20.1
0%
Rebounds 6 Touko Tainamo 631
0%
Blocks T8 Touko Tainamo 53
0%
Field Goal Percent 5 Touko Tainamo 50.8%
0%
Games T6 Travis Hallam 120
0%
Assists 7 Ty Church 304
0%
Points 7 Wahab Carter 1,382
0%
Rebounds 7 Wahab Carter 626
0%
Points 9 Yemi Nicholson 1,365
0%
Rebounds 4 Yemi Nicholson 707
0%
Blocks 2 Yemi Nicholson 210
0%
Field Goal Percent 1 Yemi Nicholson 58.1%
0%
Points Per Game 9 Yemi Nicholson 15.7
0%
No matching quizzes found
Score Distribution
Percent of People with Each Score
Percentile by Number Answered
Your Score History
You have not taken this quiz since the last reset